00259 a2200097 4500020001500000082001100015100001500026245006800041260004400109300000800153 a8171694608 a658.15 aDubey, V K aCorporate ManagementbCommonwelth Management librarycV K Dubey aNew DelhibCommonwelth Publishersc1997 a213